Регионална библиотека "Любен Каравелов" - Русе

Рапунцел и разбойникът (Запис номер 101557)

MARC детайли
000 -Лидер
Контролно поле с фиксирана дължина 01281nam a2200349 c 4500
003 - Код на организацията, давaща контролен номер
Контролно поле BLK
005 - Дата и час на последна редакция
Контролно поле 20250726120835.0
008 - Елементи от данни с фиксирана дължина
fixed length control field 180409b bul|||||r ||||||| ||bul||
010 ## - Наследен системен номер
LC control number KNG00106607000
020 ## - Международен стандартен номер на книга ISBN
Международен стандартен номер на книга ISBN 978-954-27-0686-1
040 ## - Източник на каталожния запис
Идентификатор на билиотеката - собственик на записа BLK
041 ## - Код за език
Код за езика на текст/звукозапис или на отделно заглавие Български
Код за езика КДБФ Български
072 #7 - Код за тематичната категория
Код организация bullib
Код за тематична категория Н85
Текст Детска художествена литература Н
080 ## - УДК
Текстов определител УДК Американска литература (на САЩ)
УДК код - определител по УДК 821.111(73)
УДК определител -93-34
УДК - код + определител 821.111(73)-93-34
139 ## - Редно поле
Редна дума Рапунцел и разбойникът
Авторски знак Рап - Р 37
245 10 - Сведения за заглавието
Заглавие Рапунцел и разбойникът
Редно поле (дума) прев. Венета Янкова.
257 ## - Страна на издаване
Страна на създаване/издаване Съединени американски щати
260 ## - Област на издателските данни
Име на издателя, разпространителя и проч. Егмонт България
Година на издаване 2011
Печатница Отпеч. в Полша
Място на издаване, разпространение и проч. София
300 ## - Физическа характеристика
Страници 64 с.
Илюстрации и др. с цв. ил.
Размери/Мащаб 28 см
380 ## - Жанр
Жанр Детска худож. лит.
490 ## - СЕРИИ (Колекции)
Име на серия Приказна колекция
№: серия 18
9 (RLIN) 203480
Бележки за серията Серия - Книги
500 ## - Общи забележки
Забележка Ориг. загл.: Tangled.
659 ## - Тематичен бюлетин
Тематичен бюлетин Н
700 1# - Други автори (авторска отговорност)
Лично име Янкова, Венета
Автороска отговорност (Описва отношението между автора и произведението) прев.
9 (RLIN) 295179
852 ## - Местоположение
Форматна сигнатура Цб ІІ 17230
856 4# - Електронен адрес и достъп
Електронен формат pdf - файл
856 4# - Електронен адрес и достъп
Електронен формат pdf - файл
999 ## - СИСТЕМНИ КОНТРОЛНИ НОМЕРА
Koha biblionumber 101557
Koha biblioitemnumber 101557
942 ## - АРТИКУЛИ
Вид на библиотечния материал Книги
Скрит в OPAC Не
Koha issues (borrowed), all copies 83
Периодичен библиозапис Да
944 ## - СЪЗДАВАНЕ И РЕДАКЦИЯ на ЗАПИСА
Създаване/Редакция Създаване
Дата на регистрацията/редакция 17.05.2012
Служител, извършил регистрацията/редакцията 30552
Статус, дата на статуса Виолета Тройчева
944 ## - СЪЗДАВАНЕ И РЕДАКЦИЯ на ЗАПИСА
Създаване/Редакция Редакция
Дата на регистрацията/редакция 08.03.2016
Служител, извършил регистрацията/редакцията Виолета_Тройчева
999 ## - СИСТЕМНИ КОНТРОЛНИ НОМЕРА
Koha biblioitemnumber 101557
Наличности
Код за отписване Код за изгубен артикул Източник на класификационната схема Код за повреда Коз за рестрикции Код за отдаване Артикулен № Име на библиотеката - собственик Име на библиотеката, в която се намира в момента Статус (Текущо местоположение) Дата на вписване в системата Местоположение - отдел Цена в лева Инвентарен номер Систематично азбучна сигнатура Баркод Номер на екземпляра Цена в евро Служебна бележка Служебен тип на артикула
Изтеглен Не е изгубен Universal Decimal Classification Не е повреден без рестрикции заемане за дома 163559 Регионална библиотека "Любен Каравелов" Русе Регионална библиотека "Любен Каравелов" Русе Детски отдел 2012-05-17 Детски отдел 9.29 120000757420 ДХ 820/899/Р 37 120000757420 1 4.75 Дост: DA Вид: А N: 7 Дата: 16.05.2012 Дата инв: 21.08.2015 Бележки инв: Д2015 Книги
  Не е изгубен   Не е повреден без рестрикции заемане за дома 163560 Регионална библиотека "Любен Каравелов" Русе Регионална библиотека "Любен Каравелов" Русе Детски отдел 2012-06-21 Детски отдел 9.29 120000758524 ДХ 820/899/Р 37 120000758524 2 4.75 Дост: DA Вид: А N: 12 Дата: 21.06.2012 Книги
  Не е изгубен Universal Decimal Classification Не е повреден без рестрикции ползва се в читалня 163561 Регионална библиотека "Любен Каравелов" Русе Регионална библиотека "Любен Каравелов" Русе Хранилище 2013-07-06 Хранилище 11.90 120000767768 Цб ІІ 17230 120000767768 3 6.08 Дост: Dp Вид: Д N: 11 Дата: 12.03.2012 Книги
  Не е изгубен Universal Decimal Classification Не е повреден   заемане за дома 727757 Регионална библиотека "Любен Каравелов" Русе Регионална библиотека "Любен Каравелов" Русе Детски отдел 2019-07-03 Детски отдел 13.90 120000833012 ДХ 820/899/Р 37 120000833012   7.11   Книги
Vip Innovations Ltd, Rousse, Bulgaria 2025